<?xml version="1.0" encoding="UTF-8"?>
<collection xmlns="http://www.loc.gov/MARC21/slim">
    <record>
        <controlfield tag="001">5881</controlfield>
        <controlfield tag="005">20170405091946.0</controlfield>
        <datafield tag="037" ind1=" " ind2=" ">
            <subfield code="a">CORRESP-2011-086</subfield>
        </datafield>
        <datafield tag="041" ind1=" " ind2=" ">
            <subfield code="a">spa</subfield>
        </datafield>
        <datafield tag="100" ind1="1" ind2=" ">
            <subfield code="a">Álvarez Ortega, Manuel</subfield>
        </datafield>
        <datafield tag="245" ind1="0" ind2="0">
            <subfield code="a">Carta mecanografiada de Manuel Álvarez Ortega a Miguel Labordeta - 16/12/1951</subfield>
            <subfield code="f">1951-12-16</subfield>
        </datafield>
        <datafield tag="260" ind1=" " ind2=" ">
            <subfield code="a">Córdoba</subfield>
            <subfield code="c">1951</subfield>
        </datafield>
        <datafield tag="300" ind1=" " ind2=" ">
            <subfield code="3">carta mecanografiada</subfield>
            <subfield code="a">1 p.</subfield>
        </datafield>
        <datafield tag="500" ind1=" " ind2=" ">
            <subfield code="a">Mecanografiada</subfield>
        </datafield>
        <datafield tag="653" ind1="1" ind2=" ">
            <subfield code="a">transeúnte central</subfield>
        </datafield>
        <datafield tag="653" ind1="1" ind2=" ">
            <subfield code="a">crítica</subfield>
        </datafield>
        <datafield tag="653" ind1="1" ind2=" ">
            <subfield code="a">AGLE</subfield>
        </datafield>
        <datafield tag="653" ind1="1" ind2=" ">
            <subfield code="a">revista</subfield>
        </datafield>
        <datafield tag="700" ind1=" " ind2=" ">
            <subfield code="a">Labordeta Subías, Miguel</subfield>
            <subfield code="e">destinatario</subfield>
        </datafield>
        <datafield tag="856" ind1="0" ind2=" ">
            <subfield code="f">575229@celes.unizar.es</subfield>
        </datafield>
        <datafield tag="856" ind1="4" ind2=" ">
            <subfield code="s">172503</subfield>
            <subfield code="u">http://zaguan.unizar.es/record/5881/files/CORRESP-2011-086.pdf</subfield>
            <subfield code="z">Original (spa)</subfield>
        </datafield>
        <datafield tag="856" ind1="4" ind2=" ">
            <subfield code="s">48375</subfield>
            <subfield code="u">http://zaguan.unizar.es/record/5881/files/CORRESP-2011-086_2.pdf</subfield>
            <subfield code="z">Transcripción</subfield>
        </datafield>
        <datafield tag="980" ind1=" " ind2=" ">
            <subfield code="a">PERSONAL</subfield>
            <subfield code="b">MLABORDETA</subfield>
        </datafield>
    </record>

    
</collection>